000 00426nam a2200205Ia 4500
001 14387
003 GE_BSU
008 181216s||||||||xx |||||||||||||| ||und||
020 _a0747261326
040 _cGE_BSU
080 _a821.111-31
100 _aMansell,Jill
245 _aGood at Games
260 _aLondon
260 _bHeadline
260 _c2000
300 _a502p.18cm.
653 _aGood at Games
942 _cBK
999 _c47523
_d47523